| 000 | 00662nam a2200253Ia 4500 | ||
|---|---|---|---|
| 003 | OSt | ||
| 005 | 20220918163414.0 | ||
| 006 | a|||||r|||| 00| 0 | ||
| 007 | ta | ||
| 008 | 220917b |||||||| |||| 00| 0 eng d | ||
| 020 | _a0 7100 7667 3 | ||
| 024 | _a30,969 | ||
| 037 | _cTextual | ||
| 040 |
_aARTS _cARTS _beng |
||
| 041 |
_2eng _aeng |
||
| 082 | _aO111,3M71,1:g, L4 | ||
| 100 |
_aYeats Jack B _912988 |
||
| 245 | 0 | _aCharmed life | |
| 260 |
_aLondon _bRoutledge & Kegan Paul UK _c1974 |
||
| 300 |
_a295p. _ccm. |
||
| 650 | _aENGLISH LITERATURE | ||
| 942 |
_hO111,3M71,1:g, L4 _cTEXL _2CC |
||
| 999 |
_c119399 _d119399 |
||